<?xml version="1.0" encoding="UTF-8"?>
<marc:record xmlns:marc="http://www.loc.gov/MARC21/slim">
   <marc:leader>00000nam a2200000 a 4500</marc:leader>
   <marc:datafield ind1="1" ind2=" " tag="100">
      <marc:subfield code="a">Keough, Riley</marc:subfield>
   </marc:datafield>
   <marc:datafield ind1="1" ind2=" " tag="100">
      <marc:subfield code="a">Garfield, Andrew</marc:subfield>
   </marc:datafield>
   <marc:datafield ind1="1" ind2=" " tag="100">
      <marc:subfield code="a">Mitchell, David Robert</marc:subfield>
   </marc:datafield>
   <marc:datafield ind1=" " ind2=" " tag="653">
      <marc:subfield code="a">Mystery-Thriller</marc:subfield>
   </marc:datafield>
   <marc:datafield ind1=" " ind2=" " tag="653">
      <marc:subfield code="a">Los Angeles</marc:subfield>
   </marc:datafield>
   <marc:datafield ind1=" " ind2=" " tag="653">
      <marc:subfield code="a">USA</marc:subfield>
   </marc:datafield>
   <marc:datafield ind1="0" ind2="0" tag="245">
      <marc:subfield code="a">Under the Silver Lake</marc:subfield>
   </marc:datafield>
   <marc:datafield ind1="0" ind2="0" tag="245">
      <marc:subfield code="c">Ein Film von David Robert Mitchell. Darst.: Andrew Garfield, Riley Keough, u.v.a.</marc:subfield>
   </marc:datafield>
   <marc:datafield ind1=" " ind2="1" tag="264">
      <marc:subfield code="a">Leipzig</marc:subfield>
      <marc:subfield code="b">Weltkino</marc:subfield>
      <marc:subfield code="c">2019</marc:subfield>
   </marc:datafield>
   <marc:datafield ind1="1" ind2=" " tag="520">
      <marc:subfield code="a">Los Angeles. Obwohl die Miete für sein Apartment überfällig ist, hegt Sam keinerlei Ambitionen, einen Job zu finden. Lieber hängt er auf seinem Balkon herum, liest Comics und beobachtet die Nachbarinnen durchs Fernglas. Als ihn die umwerfend schöne Sarah eines Abends zu sich einlädt, kann er sein Glück kaum fassen. Doch am nächsten Morgen ist sie spurlos verschwunden. Sam wittert eine globale Verschwörung, die Millionäre, Celebrities, Hundemörder und urbane Mythen involviert. Seine Suche nach Sarah mutiert zur rauschhaften Odyssee durch den undurchsichtigen Dschungel der Großstadt.</marc:subfield>
   </marc:datafield>
   <marc:datafield ind1=" " ind2=" " tag="020">
      <marc:subfield code="a">4061229090209</marc:subfield>
      <marc:subfield code="9">4061229090209</marc:subfield>
   </marc:datafield>
   <marc:datafield ind1="3" ind2=" " tag="024">
      <marc:subfield code="a">4061229090209</marc:subfield>
   </marc:datafield>
   <marc:datafield ind1="0" ind2=" " tag="490">
      <marc:subfield code="v">0</marc:subfield>
   </marc:datafield>
   <marc:datafield ind1=" " ind2=" " tag="300">
      <marc:subfield code="a">1 DVD : 134 Min.</marc:subfield>
   </marc:datafield>
</marc:record>
